[Event "AUTO-OPEN-3328"]
[Site "http://www.queenalice.com/game.php?id=1308303"]
[Date "2014.9.15"]
[Round "1"]
[White "TorresR"]
[Black "tchecholmes"]
[Result "1-0"]
[WhiteElo "1762"]
[BlackElo "1657"]

1. e4 c5 2. Nc3 Nc6 3. Bc4 Nf6 4. f4 e5 5. Nf3 exf4 6. e5 Ng4 7. e6 dxe6 8. d3
Be7 9. Bxf4 O-O 10. h3 Nf6 11. Qd2 a6 12. O-O-O b5 13. Bxb5 axb5 14. Nxb5 Rxa2
15. Na3 Qb6 16. Qc3 1-0

[Event "AUTO-OPEN-3328"]
[Site "http://www.queenalice.com/game.php?id=1308304"]
[Date "2014.9.15"]
[Round "1"]
[White "tchecholmes"]
[Black "TorresR"]
[Result "0-1"]
[WhiteElo "1645"]
[BlackElo "1774"]

1. c3 d5 2. d4 c5 3. Nf3 Bg4 4. Nbd2 cxd4 5. cxd4 Nf6 6. h3 Bh5 7. e3 e6 8. Bd3
Bg6 9. Bxg6 fxg6 10. O-O Bd6 11. Ng5 Qc7 12. Nxe6 Qd7 13. Nf4 Nc6 14. Nf3 Kf7
15. Nd3 Rhe8 16. a3 Kg8 0-1

[Event "AUTO-OPEN-3328"]
[Site "http://www.queenalice.com/game.php?id=1308325"]
[Date "2014.9.15"]
[Round "1"]
[White "SVatrachki"]
[Black "tchecholmes"]
[Result "1-0"]
[WhiteElo "1570"]
[BlackElo "1733"]

1. e4 d6 2. f4 e5 3. d3 Nc6 4. c3 Nf6 5. f5 Be7 6. Nf3 b6 7. h3 Bb7 8. Be3 O-O
9. g4 d5 10. Nbd2 d4 11. cxd4 1-0

[Event "AUTO-OPEN-3328"]
[Site "http://www.queenalice.com/game.php?id=1308326"]
[Date "2014.9.15"]
[Round "1"]
[White "tchecholmes"]
[Black "SVatrachki"]
[Result "0-1"]
[WhiteElo "1757"]
[BlackElo "1546"]

1. d4 d5 2. c4 e6 3. Nc3 Bb4 4. Qc2 Nf6 5. a3 Bxc3+ 6. Qxc3 Bd7 7. Qg3 O-O 8.
Nf3 Kh8 9. Bg5 h6 10. h4 hxg5 11. hxg5+ Nh5 0-1

[Event "AUTO-OPEN-3328"]
[Site "http://www.queenalice.com/game.php?id=1308339"]
[Date "2014.9.15"]
[Round "1"]
[White "tchecholmes"]
[Black "Vrscika"]
[Result "0-1"]
[WhiteElo "1818"]
[BlackElo "1892"]

1. Nc3 e5 2. e4 Nf6 3. Bc4 Nc6 4. Nf3 Bc5 5. O-O d6 6. Na4 Bb6 7. Nxb6 axb6 8.
h3 Nxe4 9. d4 exd4 10. Nxd4 O-O 11. Be3 d5 12. Bb3 Na5 0-1

[Event "AUTO-OPEN-3328"]
[Site "http://www.queenalice.com/game.php?id=1308340"]
[Date "2014.9.15"]
[Round "1"]
[White "Vrscika"]
[Black "tchecholmes"]
[Result "1-0"]
[WhiteElo "1878"]
[BlackElo "1835"]

1. e4 Nc6 2. d4 e5 3. d5 Nb8 4. Nf3 d6 5. Be3 Nf6 6. Bd3 Bg4 7. O-O Be7 8. h3
Bh5 9. Nbd2 O-O 10. b4 Nbd7 11. Qb1 h6 12. a4 1-0

[Event "Let's Play Chess!"]
[Site "http://www.queenalice.com/game.php?id=1308391"]
[Date "2014.9.15"]
[Round "-"]
[White "tchecholmes"]
[Black "igorjava"]
[Result "0-1"]
[WhiteElo "1665"]
[BlackElo "1858"]

1. c4 e5 2. Nc3 Nf6 3. Nf3 e4 4. Ng5 Qe7 5. Qc2 g6 6. Ngxe4 Nxe4 7. Nxe4 Bg7 8.
Ng3 O-O 9. e4 Nc6 10. d3 Nd4 11. Qd1 Qb4+ 12. Bd2 Qxb2 13. Rc1 Qxa2 14. Be2 Qa6
15. O-O Nxe2+ 16. Qxe2 c5 17. Bg5 d6 18. Qd2 Qc6 19. h4 f6 20. Bh6 a6 21. Bxg7
Kxg7 22. h5 g5 23. f4 h6 24. fxg5 hxg5 25. Rxf6 Kxf6 26. Rf1+ Ke7 27. Qxg5+ Ke8
28. Qg6+ Kd8 29. Rxf8+ Kc7 30. Rf7+ Bd7 31. Nf5 Kb6 32. Ne7 Qa4 0-1

[Event "AUTO-INT-2902"]
[Site "http://www.queenalice.com/game.php?id=1308405"]
[Date "2014.9.15"]
[Round "1"]
[White "sss"]
[Black "tchecholmes"]
[Result "1-0"]
[WhiteElo "1421"]
[BlackElo "1634"]

1. e4 e5 2. Nf3 Nc6 3. Bc4 Bc5 4. d3 h6 5. Qe2 Nf6 6. h3 O-O 7. Be3 Bb4+ 8. Bd2
d5 9. Bxb4 Nxb4 10. exd5 Nbxd5 11. Bxd5 Nxd5 12. O-O Re8 13. Nbd2 Qf6 14. c4 Nf4
15. Qe3 Bf5 16. Ne4 Qd8 17. Nc5 1-0

[Event "AUTO-INT-2902"]
[Site "http://www.queenalice.com/game.php?id=1308406"]
[Date "2014.9.15"]
[Round "1"]
[White "tchecholmes"]
[Black "sss"]
[Result "0-1"]
[WhiteElo "1609"]
[BlackElo "1463"]

1. f4 c5 2. Nf3 f5 3. Nc3 Nf6 4. e3 Nc6 5. b3 d6 6. Bc4 a6 7. O-O b5 8. Bd5 Bb7
9. Ng5 e6 10. Nxe6 Qe7 11. e4 b4 12. Na4 Rb8 13. c4 bxc3 14. dxc3 Nd8 15. Bxb7
Rxb7 16. Nxd8 Kxd8 0-1

[Event "AUTO-INT-2902"]
[Site "http://www.queenalice.com/game.php?id=1308423"]
[Date "2014.9.15"]
[Round "1"]
[White "tchecholmes"]
[Black "PROFALEXANDRE"]
[Result "1-0"]
[WhiteElo "1724"]
[BlackElo "1745"]

1. Nc3 d5 2. e4 d4 3. Nd5 e6 4. Nf4 Bd6 5. Nd3 Nf6 6. e5 Bxe5 7. Nxe5 O-O 8.
Ngf3 h6 9. Bd3 Nbd7 10. O-O Nxe5 11. Nxe5 c5 12. b3 Qc7 13. Re1 a6 14. Ba3 Bd7
15. Nxd7 Qxd7 16. Bxc5 Rfe8 17. Qf3 b5 18. Re2 Rac8 19. b4 a5 20. a3 Ra8 21.
Rae1 axb4 22. Bxb4 Ra6 23. h3 Rb6 24. Qg3 Nh5 25. Qh4 Nf6 26. g4 Qc7 27. g5 Rc6
28. gxf6 Kh8 29. fxg7+ Kxg7 30. Kh1 e5 31. Rg1+ Rg6 32. Bxg6 fxg6 33. Qe4 Re6
34. c3 Qc4 35. cxd4 Kf7 36. Re3 Kg7 37. Qb7+ Kf6 38. Rf3# 1-0

[Event "AUTO-INT-2902"]
[Site "http://www.queenalice.com/game.php?id=1308424"]
[Date "2014.9.15"]
[Round "1"]
[White "PROFALEXANDRE"]
[Black "tchecholmes"]
[Result "0-1"]
[WhiteElo "1767"]
[BlackElo "1478"]

1. e4 c6 2. d4 d5 3. e5 Bf5 4. Nc3 e6 5. a3 h6 6. h3 Nd7 7. Nf3 Qc7 8. Be2 f6 9.
O-O fxe5 10. dxe5 Nxe5 11. Nxe5 Qxe5 12. f4 Qd6 13. b4 Nf6 14. g4 Bh7 15. g5
hxg5 16. Bh5+ g6 17. fxg5 Qg3+ 18. Kh1 Nxh5 19. Rf3 Qe5 20. Re3 Qf5 21. Rf3 Qe5
22. h4 Bd6 23. Rf2 O-O-O 24. Bb2 Qg3 25. Rg2 Qxh4+ 26. Kg1 Nf4 27. Qd2 Rhf8 28.
Rf1 Nh3+ 29. Kh1 Nf2+ 30. Kg1 Qh1# 0-1

[Event "AUTO-INT-2902"]
[Site "http://www.queenalice.com/game.php?id=1308425"]
[Date "2014.9.15"]
[Round "1"]
[White "tchecholmes"]
[Black "Slazenger"]
[Result "1-0"]
[WhiteElo "1678"]
[BlackElo "1651"]

1. Nf3 d5 2. d4 f6 3. c4 c6 4. Nc3 dxc4 5. a4 b6 6. e4 Bg4 7. Be2 Bxf3 8. Bxf3
a6 9. O-O b5 10. axb5 cxb5 11. e5 Ra7 12. Nxb5 Qb6 13. Nxa7 Qxa7 14. Qa4+ Nd7
15. e6 1-0

[Event "AUTO-INT-2902"]
[Site "http://www.queenalice.com/game.php?id=1308426"]
[Date "2014.9.15"]
[Round "1"]
[White "Slazenger"]
[Black "tchecholmes"]
[Result "1-0"]
[WhiteElo "1727"]
[BlackElo "1710"]

1. e4 Nc6 2. c3 Nf6 3. d3 e5 4. Bg5 Be7 5. Qd2 O-O 6. Nf3 d5 7. a3 Bg4 8. Be2
dxe4 9. dxe4 Nxe4 10. Qxd8 Bxd8 11. Be3 f5 12. h3 Bh5 13. Nbd2 Nxd2 14. Nxd2 Bg6
15. Bc4+ Bf7 16. O-O Be7 17. b4 f4 18. Bc5 Bxc5 19. bxc5 Rad8 20. Rfd1 Na5 21.
Bxf7+ Rxf7 22. Ne4 Rfd7 23. Rxd7 Rxd7 24. f3 Rd5 25. Rb1 b6 26. cxb6 axb6 27.
Kf2 Nc4 28. a4 Kf7 29. Ke2 Ne3 30. Rb5 Rxb5 31. axb5 Nxg2 32. c4 Ne3 33. Nd2 Kf6
34. Ne4+ Kf5 35. Nd2 h5 36. Kf2 Kg5 37. Ne4+ Kh4 38. c5 Kxh3 39. cxb6 1-0

[Event "AUTO-OPEN-3329"]
[Site "http://www.queenalice.com/game.php?id=1308745"]
[Date "2014.9.17"]
[Round "1"]
[White "Huevo"]
[Black "tchecholmes"]
[Result "1-0"]
[WhiteElo "1938"]
[BlackElo "1832"]

1. e4 e5 2. Ne2 Nf6 3. Ng3 c6 4. Bc4 d5 5. exd5 cxd5 6. Bb5+ Nc6 7. O-O Bd6 8.
d3 O-O 9. Nc3 a6 10. Ba4 Bd7 11. Bb3 Nd4 12. Bxd5 Nxd5 13. Nxd5 Bc6 14. Nc3 f5
15. Nge2 Ne6 16. Ng3 Rf6 17. Qh5 Be8 18. Qh3 Nf4 19. Bxf4 exf4 20. Nge2 Bc6 21.
Nd4 Bd7 22. Qf3 Bc5 23. Qxf4 Bc8 24. Nb3 Bd6 25. Qd2 Rh6 26. g3 f4 27. Ne4 fxg3
28. fxg3 b5 29. Nxd6 Qxd6 30. Rae1 Bb7 31. Qf4 Qb6+ 32. d4 Rf6 33. Qe5 Qc6 34.
d5 Qxd5 35. Qxd5+ Bxd5 36. Rxf6 gxf6 37. Nd4 Kf7 38. c3 Re8 39. Rxe8 Kxe8 40. a3
Kd7 41. Kf2 Kd6 42. Ke3 Kc5 43. Kf4 Kd6 44. Kf5 Ke7 45. Ne2 Bb3 46. Nd4 Bf7 47.
Nc6+ Kd6 48. Kxf6 Kxc6 49. Kxf7 Kc5 50. b3 a5 51. g4 Kd5 52. g5 Ke4 53. Kg7 Kd3
54. c4 b4 55. axb4 axb4 56. c5 Kc3 57. c6 Kxb3 58. c7 Ka2 59. c8=Q b3 60. Qb7 b2
61. Kxh7 1-0

[Event "AUTO-OPEN-3329"]
[Site "http://www.queenalice.com/game.php?id=1308746"]
[Date "2014.9.17"]
[Round "1"]
[White "tchecholmes"]
[Black "Huevo"]
[Result "1-0"]
[WhiteElo "1802"]
[BlackElo "1950"]

1. Nf3 f5 2. d4 Nf6 3. c4 e6 4. Nc3 Bb4 5. Qb3 Bxc3+ 6. Qxc3 O-O 7. e3 b6 8. Be2
Bb7 9. O-O Nc6 10. Nd2 Qe8 11. b3 Qg6 12. Nf3 Ne4 13. Qe1 a5 14. Ba3 d6 15. Nd2
Nxd2 16. Qxd2 Nxd4 17. f3 Nxe2+ 18. Qxe2 h5 19. Qf2 Qg5 20. Bc1 h4 21. f4 Qg4
22. Bb2 h3 23. g3 g5 24. Qd2 Be4 25. Qd4 gxf4 26. Rxf4 Qg6 27. Rh4 e5 28. Qd2
Bg2 29. a3 Kf7 30. b4 Rh8 31. Rxh8 Rxh8 32. bxa5 Rb8 33. axb6 Rxb6 34. a4 Qg5
35. Bc1 f4 36. exf4 exf4 37. Qxf4+ Qxf4 38. Bxf4 Rc6 39. Rc1 Rc5 40. Kf2 Ra5 41.
Ra1 Bc6 42. g4 Rxa4 43. Rxa4 Bxa4 44. c5 dxc5 45. Bxc7 c4 46. Be5 Ke6 47. Bc3
Kd5 48. Kg3 Ke4 49. Kxh3 Kd3 50. Be5 c3 51. Kg3 c2 52. Bb2 Ke2 53. Kf4 Kd2 54.
h4 c1=Q 55. Bxc1+ Kxc1 56. g5 Be8 57. Kf5 Bh5 58. g6 Kd2 59. Kg5 Bf3 60. h5 Kd3
61. h6 Be4 62. h7 1-0

[Event "AUTO-OPEN-3329"]
[Site "http://www.queenalice.com/game.php?id=1308767"]
[Date "2014.9.17"]
[Round "1"]
[White "Joaquim_Manoel"]
[Black "tchecholmes"]
[Result "1-0"]
[WhiteElo "1808"]
[BlackElo "1496"]

1. e4 c5 2. Nf3 d6 3. d4 cxd4 4. Qxd4 Nc6 5. Bb5 Bd7 6. Bxc6 Bxc6 7. Nc3 Nf6 8.
Bg5 e6 9. Bxf6 gxf6 10. O-O-O Rg8 11. Rhg1 a5 12. Kb1 a4 13. a3 Ra5 14. Rge1 e5
15. Qd3 Rxg2 16. Nh4 Rxf2 17. Nf5 Rxf5 18. exf5 Qb6 19. Qh3 d5 20. Qxh7 Bxa3 21.
Qh8+ Ke7 22. Rxe5+ Kd7 23. Qe8+ Kd6 24. Qe7# 1-0

[Event "AUTO-OPEN-3329"]
[Site "http://www.queenalice.com/game.php?id=1308768"]
[Date "2014.9.17"]
[Round "1"]
[White "tchecholmes"]
[Black "Joaquim_Manoel"]
[Result "1-0"]
[WhiteElo "1593"]
[BlackElo "1785"]

1. Nc3 f5 2. e4 Nf6 3. e5 Ng8 4. Nf3 d6 5. Bc4 e6 6. d4 d5 7. Bd3 Qe7 8. O-O h6
9. Nb5 c6 10. Nd6+ Kd8 11. Bd2 Qd7 12. Bb4 Bxd6 13. Bxd6 Ne7 14. Qd2 Rg8 15. a4
c5 16. dxc5 Nbc6 17. b4 g5 18. b5 Nb8 19. c4 Ng6 20. Nd4 Nf4 21. cxd5 Nxd5 22.
Rac1 Ke8 23. c6 bxc6 24. bxc6 Nxc6 25. Nxc6 Bb7 26. Bb5 Kf7 27. Na5 Qd8 28. Nxb7
1-0

[Event "AUTO-OPEN-3329"]
[Site "http://www.queenalice.com/game.php?id=1308779"]
[Date "2014.9.17"]
[Round "1"]
[White "salso"]
[Black "tchecholmes"]
[Result "1-0"]
[WhiteElo "1822"]
[BlackElo "1880"]

1. d4 Nf6 2. e3 d5 3. Bd3 Bg4 4. f3 Bh5 5. c3 e6 6. Nd2 Be7 7. Qb3 Qc8 8. f4 c5
9. Bb5+ Nbd7 10. Ngf3 O-O 11. O-O cxd4 12. exd4 Qc7 13. Ne5 a6 14. Bd3 Rac8 15.
Ndf3 Ne4 16. Nxd7 Qxd7 17. Ne5 Qd6 18. Qxb7 f6 19. Nf3 Rb8 20. Qxa6 Rb6 21. Qa4
Rfb8 22. Qc2 f5 23. Bxe4 dxe4 24. Ne5 Qd5 25. b3 Rc8 26. Be3 Bf6 27. c4 Qd8 28.
a4 Rcb8 29. Rfb1 Bxe5 30. fxe5 R6b7 31. g3 Bf3 32. a5 g5 33. a6 Rb4 34. Qc3 h5
35. a7 1-0

[Event "AUTO-OPEN-3329"]
[Site "http://www.queenalice.com/game.php?id=1308780"]
[Date "2014.9.17"]
[Round "1"]
[White "tchecholmes"]
[Black "salso"]
[Result "0-1"]
[WhiteElo "1856"]
[BlackElo "1840"]

1. c4 c5 2. Nc3 a6 3. e4 d6 4. Nf3 Nf6 5. h3 Nc6 6. Be2 e6 7. O-O Be7 8. d4 e5
9. dxc5 dxc5 10. Qa4 O-O 11. Rd1 Qc7 12. Nd5 Nxd5 13. cxd5 Nd4 14. Nxd4 cxd4 15.
Bd2 Bd7 16. Qb3 Rac8 17. Rac1 Qb8 18. Qg3 Qd6 19. f4 Bf6 20. f5 Rxc1 21. Rxc1
Rc8 22. Qb3 b5 23. Rxc8+ Bxc8 24. Qc2 Bd7 25. a3 Qb6 26. Kh2 g6 27. fxg6 hxg6
28. Bb4 a5 29. Bd2 Be7 30. Bh6 b4 31. axb4 axb4 32. Qd2 Qf6 33. Qc1 g5 34. Qc7
Qxh6 0-1

[Event "AUTO-ADV-3262"]
[Site "http://www.queenalice.com/game.php?id=1315463"]
[Date "2014.10.14"]
[Round "1"]
[White "tchecholmes"]
[Black "RobertD"]
[Result "0-1"]
[WhiteElo "1669"]
[BlackElo "2013"]

1. c4 d5 2. cxd5 Qxd5 3. Nc3 Qd8 4. e4 e5 5. Nf3 Bd6 6. Bc4 h6 7. O-O Nf6 8. d4
Nfd7 9. dxe5 Nxe5 10. Nxe5 Bxe5 11. Qb3 O-O 12. Be3 Nc6 13. Rad1 Qf6 0-1

[Event "AUTO-ADV-3262"]
[Site "http://www.queenalice.com/game.php?id=1315464"]
[Date "2014.10.14"]
[Round "1"]
[White "RobertD"]
[Black "tchecholmes"]
[Result "1-0"]
[WhiteElo "2015"]
[BlackElo "1667"]

1. c4 e5 2. Nc3 Nf6 3. d4 exd4 4. Qxd4 Nc6 5. Qd1 Bb4 6. Bd2 O-O 7. Nf3 Re8 8.
a3 Bc5 9. b4 Bf8 10. e3 d5 11. cxd5 Nxd5 12. Be2 g6 13. Nxd5 1-0